000 00343nam a2200145Ia 4500
008 150201s2010 xx 000 0 und d
082 _a612
_bT10C
100 _aCHANDRAMOULI, R
245 _aTEXTBOOK PHYSIOLOGY
250 _a3RD
260 _bJAYPEE BROTHERS
_aDELHI
_c2010
300 _a1-424
650 _aHUMAN PHYSIOLOGY
942 _2ddc
_cBK
_04
999 _c12
_d12